Länder mit den meisten Corona-Impfungen - Statistiken

Allgemein
  • Dieses Quiz wurde 169 mal gespielt
  • Das Durchschnittsergebnis liegt bei 15 aus 20
Antwortstatistiken
Anzahl Land % Korrekt
3.4 Milliarden China
99%
641 Millionen USA
99%
188 Millionen Deutschland
98%
2.2 Milliarden Indien
95%
151 Millionen Frankreich
94%
180 Millionen Russland
93%
333 Millionen Japan
91%
473 Millionen Brasilien
88%
142 Millionen Italien
84%
151 Millionen Vereinigtes Königreich
82%
223 Millionen Mexiko
80%
440 Millionen Indonesien
71%
129 Millionen Südkorea
71%
152 Millionen Türkei
64%
300 Millionen Pakistan
62%
261 Millionen Vietnam
59%
154 Millionen Iran
55%
143 Millionen Thailand
51%
323 Millionen Bangladesch
50%
168 Millionen Philippinen
49%
Keine übereinstimmenden Quizze gefunden
Verteilung der Resultate
Anzahl Personen mit jedem Resultat
Perzentil nach korrekt beantworteten Fragen
Ihre Resultats-Entwicklung
Sie haben dieses Quiz noch nicht gespielt